000
00279nam a22001337a 4500
008
170601b xxu||||| |||| 00| 0 eng d
020
_a
0671602985
041
_a
eng
080
_a
94
100
_a
17
101
_a
SHH
245
_a
ROYAL FEUD
_c
THORNTON.M
942
_2
udc
_c
BK
999
_c
15390
_d
15390